LEADER 01037nam0-2200337---450- 001 990004058510403321 005 20091105143407.0 035 $a000405851 035 $aFED01000405851 035 $a(Aleph)000405851FED01 035 $a000405851 100 $a19990604d1980----km-y0itay50------ba 101 1 $aita 102 $aIT 105 $ay-------001yy 200 1 $aGuida alla programmazione dell'educazione fisica e sportiva$fA. Bilbrough, P. Jones$ga cura di Michele Di Donato 210 $aFirenze$cLa Nuova Italia$d1980 215 $a238 p.$d21 cm 225 1 $aDidattica viva$v59 610 0 $aEducazione fisica scolastica 676 $a613.7$v21$zita 700 1$aBilbrough,$bA.$0155850 701 1$aJones,$bPeter d'Alroy$0121586 702 1$aDi Donato,$bMichele 801 0$aIT$bUNINA$gRICA$2UNIMARC 901 $aBK 912 $a990004058510403321 952 $aP.1 DID 224$bBibl. 1988$fFLFBC 959 $aFLFBC 996 $aGuida alla programmazione dell'educazione fisica e sportiva$9469638 997 $aUNINA LEADER 00954nam2-2200349---450- 001 990002735840203316 005 20060413124859.0 035 $a000273584 035 $aUSA01000273584 035 $a(ALEPH)000273584USA01 035 $a000273584 100 $a20060413d1976----km-y0itay0103----ba 101 $aita 102 $aIT 105 $aa|||||||001yy 200 1 $a<> : <>uomo$fGiulio Mezzetti 210 $aFirenze$cLa Nuova Italia$d1976 215 $a295 p.$cill.$d30 cm 410 0$12001 454 1$12001 461 1$1001000273580$12001$a<> natura e la scienza 606 0 $aScienze naturali$xInsegnamento$xScuole medie superiori 676 $a507.12 700 1$aMEZZETTI,$bGiulio$0593092 801 0$aIT$bsalbc$gISBD 912 $a990002735840203316 951 $aP13 437/3$bDISTRA 959 $aBK 969 $aDISTRA 979 $aDISTRA2$b10$c20060413$lUSA01$h1249 996 $aUomo$9998704 997 $aUNISA LEADER 01124nam--2200349---450 001 990002273870203316 005 20210315220117.0 035 $a000227387 035 $aUSA01000227387 035 $a(ALEPH)000227387USA01 035 $a000227387 100 $a20041215d1980----km-y0itay0103----ba 101 $aita 102 $aIT 105 $aa|||||||001yy 200 1 $aVisconti e Sforza fra le colonne del palazzo Archinto$ele sedi dei 39 Luoghi Pii Elemosinieri di Milano$fAntonio Noto, Bruno Viviano 210 $aMilano$cGiuffré$d1980 215 $aIV, 366 p.$cill.$d22 cm 606 $aOpere pie$xStoria$yMilano 676 $a362 700 1$aNOTO,$bAntonio$0137531 701 1$aVIVIANO,$bBruno$0570371 801 0$aIT$bsalbc$gISBD 912 $a990002273870203316 951 $aX.2.A. 149 (ISP VI 36)$b58034 E. C.$cISP VI$d00199421 959 $aBK 969 $aUMA 979 $aSIAV1$b10$c20041215$lUSA01$h1458 979 $aRSIAV1$b90$c20090223$lUSA01$h1730 979 $aRSIAV1$b90$c20090223$lUSA01$h1732 996 $aVisconti e Sforza fra le colonne del palazzo Archinto$91067122 997 $aUNISA